| 000 | 00739 a2200241 4500 | ||
|---|---|---|---|
| 999 |
_c216352 _d216352 |
||
| 005 | 20260320093021.0 | ||
| 008 | 260310b ||||| |||| 00| 0 eng d | ||
| 020 | _a9780324156911 | ||
| 040 |
_aLC _cUNZA _eRDA |
||
| 050 |
_aHD 58.8 _bDAF 2004 |
||
| 100 |
_aDaft, Richard. L _eauthor |
||
| 245 |
_aOrganization theory and design / _cRichard L. Daft, Vanderbilt University. |
||
| 250 | _aEighth edition | ||
| 260 |
_aMason : _bThomson, South Western, _c2004. |
||
| 300 |
_axvi, 624 pages : _billustrations. |
||
| 336 | _aText | ||
| 337 | _aUnmediated | ||
| 338 | _aVolume | ||
| 504 | _aIncludes bibliographical references and index. | ||
| 650 | _aOrganization | ||
| 650 |
_aOrganizational sociology _xCase studies |
||
| 942 | _cBOOK | ||